00617nam a2200205Ia 4500008004100000040001400041082002300055100002300078245003200101260003900133300001100172365002700183366000800210505002200218530003000240620006200270630003200332650001500364730003200379100315s9999 xx 000 0 und d cENGLISH  b9775 a332.1753  a"Baran de, Ashim " aDocuments for Bank Advances aBOMBAY bBusiness Book  c1992  a253   eRupees d1 b96.00  f0  gVaibhav Gaikwad  bDonated By RBI Library   a"Documents for Bank Advances, Economic, Bank, RBI Book " aDocuments for Bank Advances aECONOMIC  aDocuments for Bank Advances